000 00558nam a2200205 4500
001 VA34660
003 ES-SlBCS
005 20210601154104.0
008 140520s1985 xxu||||| |||| 00| 0 spa d
041 _aspa
100 1 _aKertelge, Karl
_912111
245 1 0 _aCarta a los Romanos
_cKarl Kertelge; Claudio Gancho
250 _a3ยช ed.
260 _aBarcelona :
_bHerder
_c, 1985
300 _a246 p.;
_c20 cm
490 0 _aEl Nuevo Testamento y su Mensaje
_v6
650 _aCarta a los Romanos
_9126294
700 1 0 _aGancho, Claudio
_926701
942 _cBK
999 _c799954
_d799954